| 000 | 00783nam a2200277Ia 4500 | ||
|---|---|---|---|
| 999 |
_c54445 _d54445 |
||
| 001 | 21507 | ||
| 003 | GE_BSU | ||
| 005 | 20211124170328.0 | ||
| 008 | 181216s2005||||ge |||||||||||||| ||geo|| | ||
| 020 | _a9781405820097 | ||
| 040 | _cGE_BSU | ||
| 041 | _ageo | ||
| 080 | _a811.111(075.8) C-59 | ||
| 100 |
_aClare, Antonia _91647 |
||
| 245 |
_aTotal English : Pre-intermediate : _bWorkbook book / _cAntonia Clare, JJ. Wilson. |
||
| 264 |
_aEdinburg : _bPearson, _c2005. |
||
| 300 |
_a96 p. : _b ill. ; _c28 cm. |
||
| 541 | _h5 Gel. | ||
| 653 | _aTotal English | ||
| 653 | _aPre-intermediate | ||
| 653 | _aWorkbook book | ||
| 653 | _aАнглийский язык | ||
| 653 | _aინგლისური ენა | ||
| 700 |
_aWilson, JJ. _eauthor _91648 |
||
| 942 |
_cBK _2udc |
||